[Event "Vic Primavera op 1st"]
[Site "Vic"]
[Date "2022.05.27"]
[Round "6"]
[White "Presseguer Casanovas, Josep Maria"]
[Black "Canal Sala, Pau"]
[Result "1/2-1/2"]
[WhiteElo "2002"]
[BlackElo "1627"]
[PlyCount "58"]
[EventDate "2022.04.22"]
[EventType "swiss"]
[EventRounds "8"]
[EventCountry "ESP"]
[SourceTitle "EXT 2023"]
[Source "ChessBase"]
[SourceDate "2022.10.05"]
[SourceVersion "1"]
[SourceVersionDate "2022.10.05"]
[SourceQuality "1"]

1. e4 c5 2. Nf3 e6 3. d4 cxd4 4. Nxd4 a6 5. Nc3 Qc7 6. g3 Nf6 7. Bg2 Be7 8. 0-0 d6 9. f4 Bd7 10. Be3 Nc6 11. Nb3 b5 12. h3 0-0 13. g4 Rfd8 14. g5 Ne8 15. f5 Ne5 16. Nd2 Rac8 17. Rc1 Bf8 18. a3 Bc6 19. Qe2 Qb7 20. Qf2 Nc7 21. Ne2 Nc4 22. Nd4 Nxe3 23. Nxc6 Qxc6 24. Qxe3 d5 25. b4 dxe4 26. Nxe4 Nd5 27. Qf2 exf5 28. Qxf5 Qd7 29. Qe5 Qa7+ 1/2-1/2

[Event "Moia op 7th"]
[Site "Moia"]
[Date "2018.09.28"]
[Round "3"]
[White "Vila Cairo, Gerard"]
[Black "Presseguer Casanovas, Josep Maria"]
[Result "0-1"]
[WhiteElo "2113"]
[BlackElo "1940"]
[PlyCount "54"]
[EventDate "2018.09.14"]
[EventType "swiss"]
[EventRounds "8"]
[EventCountry "ESP"]
[SourceTitle "CBM 189 Extra"]
[Source "ChessBase"]
[SourceDate "2019.06.03"]
[SourceVersion "1"]
[SourceVersionDate "2019.06.03"]
[SourceQuality "1"]

1. e4 e5 2. f4 exf4 3. Nf3 Be7 4. Bc4 Bh4+ 5. g3 fxg3 6. 0-0 d6 7. Bxf7+ Kxf7 8. Nxh4+ Nf6 9. d4 gxh2+ 10. Kh1 Rf8 11. Nc3 Kg8 12. Bg5 Bh3 13. Qe2 Bxf1 14. Rxf1 Qe8 15. Nf5 Nc6 16. Qc4+ Kh8 17. d5 Ne7 18. Nd4 Nh5 19. Kxh2 Rxf1 20. Qxf1 Nxd5 21. Nf5 Nxc3 22. bxc3 Qe5+ 23. Kh3 Rf8 24. Qf3 g6 25. Bh6 Ng7 26. Qg4 gxf5 27. exf5 Qf6 0-1

[Event "Moia op 6th"]
[Site "Moia"]
[Date "2017.11.10"]
[Round "7"]
[White "Fabre Massana, Miquel"]
[Black "Presseguer Casanovas, Josep Maria"]
[Result "1/2-1/2"]
[WhiteElo "1994"]
[BlackElo "1924"]
[PlyCount "71"]
[EventDate "2017.09.22"]
[EventType "swiss"]
[EventRounds "8"]
[EventCountry "ESP"]
[SourceTitle "CBM 189 Extra"]
[Source "ChessBase"]
[SourceDate "2019.06.03"]
[SourceVersion "1"]
[SourceVersionDate "2019.06.03"]
[SourceQuality "1"]

1. d4 Nf6 2. Nf3 g6 3. c4 Bg7 4. Nc3 d6 5. e4 0-0 6. Be2 c5 7. dxc5 dxc5 8. 0-0 Nc6 9. Be3 b6 10. h3 Bb7 11. Rc1 Qc7 12. Nd5 Nxd5 13. cxd5 Ne5 14. Nd2 a5 15. a3 f5 16. f3 f4 17. Bf2 Qd6 18. Qc2 g5 19. Rfd1 h5 20. b3 Kh8 21. a4 Qg6 22. Nc4 Nxc4 23. bxc4 Bc8 24. Qd3 Be5 25. Rb1 Bd7 26. d6 exd6 27. Rxb6 Rf6 28. Rdb1 Qe8 29. Bd1 Bxa4 30. Bxa4 Qxa4 31. Rb8+ Rf8 32. Rxa8 Rxa8 33. Rb5 Qa1+ 34. Rb1 Qa4 35. Rb5 Qa1+ 36. Rb1 1/2-1/2

[Event "Moia op 6th"]
[Site "Moia"]
[Date "2017.10.06"]
[Round "3"]
[White "Presseguer Casanovas, Josep Maria"]
[Black "Vila Cairo, Gerard"]
[Result "0-1"]
[WhiteElo "1924"]
[BlackElo "2052"]
[PlyCount "70"]
[EventDate "2017.09.22"]
[EventType "swiss"]
[EventRounds "8"]
[EventCountry "ESP"]
[SourceTitle "CBM 189 Extra"]
[Source "ChessBase"]
[SourceDate "2019.06.03"]
[SourceVersion "1"]
[SourceVersionDate "2019.06.03"]
[SourceQuality "1"]

1. e4 c5 2. Nf3 e6 3. g3 d5 4. exd5 exd5 5. d4 Nc6 6. Be3 Qb6 7. Qe2 Be7 8. c3 c4 9. Bg2 Bg4 10. h3 Bh5 11. 0-0 Nf6 12. g4 Bg6 13. Ne5 Be4 14. f3 Bg6 15. Nxg6 hxg6 16. Qc2 Kf8 17. Nd2 Bd6 18. Rfe1 Re8 19. Bf2 Bf4 20. Rxe8+ Kxe8 21. Re1+ Kd8 22. Nf1 Qc7 23. Be3 Re8 24. Bxf4 Qxf4 25. Rxe8+ Kxe8 26. Qd2 g5 27. Qxf4 gxf4 28. g5 Nh5 29. h4 b5 30. Bh3 g6 31. Bg4 b4 32. Bxh5 gxh5 33. a3 bxc3 34. bxc3 Nxd4 35. Kf2 Nb5 0-1

[Event "Mollet del Valles op 4th"]
[Site "Mollet del Valles"]
[Date "2016.10.28"]
[Round "5"]
[White "Presseguer Casanovas, Josep Maria"]
[Black "Fernandez Pena, Pedro Emilio"]
[Result "1/2-1/2"]
[WhiteElo "1924"]
[BlackElo "2147"]
[PlyCount "61"]
[EventDate "2016.09.30"]
[EventType "swiss"]
[EventRounds "9"]
[EventCountry "ESP"]
[SourceTitle "EXT 2018"]
[Source "ChessBase"]
[SourceDate "2017.10.13"]
[SourceVersion "1"]
[SourceVersionDate "2017.10.13"]
[SourceQuality "1"]

1. e4 d6 2. d4 Nf6 3. Bd3 e5 4. c3 Nc6 5. d5 Ne7 6. f4 exf4 7. Bxf4 Ng6 8. Bg3 Be7 9. Nd2 0-0 10. h4 Bg4 11. Be2 Nh5 12. Bf2 Bxe2 13. Nxe2 Nhf4 14. Nxf4 Nxf4 15. Qf3 Ng6 16. 0-0-0 Ne5 17. Qe2 c5 18. dxc6 bxc6 19. Nc4 Nxc4 20. Qxc4 Qa5 21. Kb1 c5 22. Bg3 Qb6 23. Rd2 Rab8 24. Rhd1 Rfd8 25. Qe2 a5 26. e5 d5 27. e6 Qxe6 28. Bxb8 Rxb8 29. Qxe6 fxe6 30. g3 Bf6 31. Kc2 1/2-1/2

[Event "Mollet del Valles op 4th"]
[Site "Mollet del Valles"]
[Date "2016.09.30"]
[Round "1"]
[White "Presseguer Casanovas, Josep Maria"]
[Black "Pascual Duran, Pau"]
[Result "1/2-1/2"]
[WhiteElo "1924"]
[BlackElo "1497"]
[PlyCount "57"]
[EventDate "2016.09.30"]
[EventType "swiss"]
[EventRounds "9"]
[EventCountry "ESP"]
[SourceTitle "EXT 2018"]
[Source "ChessBase"]
[SourceDate "2017.10.13"]
[SourceVersion "1"]
[SourceVersionDate "2017.10.13"]
[SourceQuality "1"]

1. e4 e6 2. d4 d5 3. Nd2 Nf6 4. e5 Nfd7 5. Bd3 c5 6. c3 Nc6 7. Ne2 Qb6 8. Nf3 cxd4 9. cxd4 Qb4+ 10. Qd2 Qxd2+ 11. Bxd2 Nb4 12. Bb1 b6 13. a3 Nc6 14. Bd3 a5 15. Rc1 Bb7 16. 0-0 Be7 17. Rc2 Rc8 18. Rfc1 0-0 19. Bb5 Ndb8 20. Nc3 Na7 21. Bd3 Ba6 22. Bxa6 Nxa6 23. Na4 Rxc2 24. Rxc2 Rc8 25. Ne1 Rxc2 26. Nxc2 Bd8 27. b4 axb4 28. axb4 Nb5 29. Kf1 1/2-1/2

[Event "Moia op 4th"]
[Site "Moia"]
[Date "2015.09.25"]
[Round "2"]
[White "Presseguer Casanovas, Josep Maria"]
[Black "Nadal Rebarter, Joan"]
[Result "1-0"]
[WhiteElo "2115"]
[BlackElo "1937"]
[PlyCount "67"]
[EventDate "2015.09.18"]
[EventType "swiss"]
[EventRounds "8"]
[EventCountry "ESP"]
[SourceTitle "EXT 2017"]
[Source "ChessBase"]
[SourceDate "2016.10.25"]
[SourceVersion "1"]
[SourceVersionDate "2016.10.25"]
[SourceQuality "1"]

1. e4 d5 2. e5 Bf5 3. d4 e6 4. Be3 Nd7 5. Nf3 Ne7 6. Nh4 Bg6 7. Nxg6 hxg6 8. c3 c5 9. Bb5 Nc6 10. Nd2 Qb6 11. Qa4 a6 12. Bxc6 bxc6 13. 0-0 cxd4 14. cxd4 c5 15. Rfc1 cxd4 16. Bxd4 Rh4 17. Qxd7+ Kxd7 18. Bxb6 Rb8 19. Nf3 Rb4 20. Bd4 Be7 21. b3 f6 22. Rc2 Rc8 23. Rxc8 Kxc8 24. Rc1+ Kd7 25. Kf1 g5 26. h3 a5 27. Bc3 Rb5 28. Bd2 Bb4 29. Ke2 d4 30. Bxb4 axb4 31. exf6 gxf6 32. Nxd4 Re5+ 33. Kd3 Rd5 34. Rc6 1-0

[Event "Moia op 3rd"]
[Site "Moia"]
[Date "2014.09.19"]
[Round "1"]
[White "Presseguer Casanovas, Josep Maria"]
[Black "Mas Sayos, Lluis"]
[Result "1-0"]
[WhiteElo "2101"]
[BlackElo "1823"]
[PlyCount "108"]
[EventDate "2014.09.19"]
[EventType "swiss"]
[EventRounds "8"]
[EventCountry "ESP"]
[SourceTitle "EXT 2016"]
[Source "ChessBase"]
[SourceDate "2015.10.08"]
[SourceVersion "1"]
[SourceVersionDate "2015.10.08"]
[SourceQuality "1"]

1. e4 c5 2. Nf3 e6 3. d4 cxd4 4. Nxd4 Nf6 5. e5 Qa5+ 6. Nc3 Qxe5+ 7. Be3 Bb4 8. Bc4 d5 9. Bb5+ Bd7 10. 0-0 a6 11. Bd3 Nc6 12. Nce2 Qc7 13. c3 Bd6 14. h3 Ne5 15. Rc1 Nxd3 16. Qxd3 Qc4 17. Qb1 Rc8 18. Rfd1 Qc7 19. Bg5 Ne4 20. Be3 Qb8 21. Nf3 Bb5 22. Ned4 Bc6 23. c4 0-0 24. b4 Ba4 25. Rd3 Rxc4 26. Rxc4 dxc4 27. Ra3 Bc6 28. Nxc6 bxc6 29. Qxe4 Bxb4 30. Rxa6 c5 31. Qxc4 Rd8 32. g3 Qc7 33. a3 Qb7 34. Qe2 c4 35. Ra7 Qb5 36. axb4 Qxb4 37. Rc7 c3 38. Qc4 Qb1+ 39. Kg2 h6 40. Rc8 Rxc8 41. Qxc8+ Kh7 42. Qxc3 f6 43. Nd4 Qe4+ 44. f3 Qd5 45. Qb3 Qxb3 46. Nxb3 e5 47. Bb6 Kg6 48. Nc5 Kf5 49. Bd8 Kg6 50. Kf2 Kf7 51. Ke3 Ke8 52. Ba5 Ke7 53. Ke4 g6 54. Bc7 h5 1-0

[Event "Moia op 2nd"]
[Site "Moia"]
[Date "2013.11.08"]
[Round "7"]
[White "Presseguer Casanovas, Josep Maria"]
[Black "Ambros Pladellorens, Jordi"]
[Result "1-0"]
[WhiteElo "1928"]
[BlackElo "1864"]
[PlyCount "107"]
[EventDate "2013.09.20"]
[EventType "swiss"]
[EventRounds "8"]
[EventCountry "ESP"]
[SourceTitle "EXT 2015"]
[Source "ChessBase"]
[SourceDate "2014.11.20"]
[SourceVersion "1"]
[SourceVersionDate "2014.11.20"]
[SourceQuality "1"]

1. e4 Nf6 2. e5 Nd5 3. d4 d6 4. f4 g6 5. Nf3 Bg7 6. Bc4 Nb6 7. Bb3 a5 8. c3 0-0 9. Be3 a4 10. Bc2 Nc4 11. Bc1 b5 12. Be4 d5 13. Bd3 c6 14. Nbd2 a3 15. b4 Nb2 16. Qc2 Nxd3+ 17. Qxd3 Bf5 18. Qe2 Nd7 19. Nh4 Nb6 20. Nxf5 gxf5 21. 0-0 e6 22. Qh5 Na4 23. Rf3 Kh8 24. Bxa3 Qe7 25. Kh1 Ra7 26. Bc1 Rfa8 27. Nb3 Nxc3 28. a3 Ne4 29. Na5 Rc7 30. Be3 Rac8 31. Rh3 h6 32. g4 fxg4 33. Qxg4 f5 34. exf6 Qxf6 35. Rd1 Nd6 36. Nb3 Nf5 37. Bf2 Bf8 38. Re1 Rg7 39. Qe2 Re8 40. Rc3 Nd6 41. Nd2 Nc4 42. Nxc4 dxc4 43. Qe3 Qf5 44. Bg3 Bd6 45. Qe4 Qxe4+ 46. Rxe4 Rf7 47. Rce3 Rd8 48. Rf3 Bf8 49. Bh4 Rd5 50. Rxe6 Rxd4 51. Bf6+ Bg7 52. Bxd4 Bxd4 53. Rxh6+ Kg7 54. Rxc6 1-0

[Event "Roncana op-A 5th"]
[Site "Santa Eulalia de Roncana"]
[Date "2011.11.19"]
[Round "7"]
[White "Presseguer Casanovas, Josep Maria"]
[Black "Vicente Bessen, Kirian"]
[Result "0-1"]
[WhiteElo "1972"]
[BlackElo "1690"]
[PlyCount "74"]
[EventDate "2011.10.01"]
[EventType "swiss"]
[EventRounds "8"]
[EventCountry "ESP"]
[SourceTitle "EXT 2013"]
[Source "ChessBase"]
[SourceDate "2012.11.22"]
[SourceVersion "1"]
[SourceVersionDate "2012.11.22"]
[SourceQuality "1"]

1. e4 e6 2. d4 d5 3. Nd2 c5 4. c3 Nc6 5. dxc5 Bxc5 6. b4 Bb6 7. b5 Qf6 8. Qf3 Ne5 9. Qg3 h5 10. f4 h4 11. Qg5 Qxg5 12. fxg5 Ng4 13. Nh3 Bd7 14. c4 Ne3 15. Rb1 d4 16. Nf3 Rc8 17. Bxe3 dxe3 18. Bd3 f6 19. gxf6 Nxf6 20. Nf4 Ng4 21. Ke2 Kf7 22. h3 Nf2 23. Ne5+ Ke8 24. Rhf1 g5 25. Nfg6 Rg8 26. Nxd7 Kxd7 27. Ne5+ Kd6 28. Nf3 Rcf8 29. Ne1 Rf4 30. Rc1 Rgf8 31. Bb1 Nxh3 32. c5+ Ke7 33. Nf3 g4 34. Nxh4 Rf2+ 35. Rxf2 Rxf2+ 36. Kd3 Nf4+ 37. Kd4 e2 0-1

[Event "Santa Eulalia de Roncana 3rd"]
[Site "Santa Eulalia de Roncana"]
[Date "2009.11.14"]
[Round "7.7"]
[White "Ylla Soro, Rafael"]
[Black "Presseguer Casanovas, Josep Maria"]
[Result "0-1"]
[WhiteElo "1736"]
[BlackElo "1935"]
[PlyCount "72"]
[EventDate "2009.10.03"]
[EventType "swiss"]
[EventRounds "9"]
[EventCountry "ESP"]
[SourceTitle "EXT 2024"]
[Source "ChessBase"]
[SourceDate "2023.10.10"]
[SourceVersion "1"]
[SourceVersionDate "2023.10.10"]
[SourceQuality "1"]

1. e4 e5 2. f4 d5 3. Nf3 dxe4 4. Nxe5 Nd7 5. d4 exd3 6. Bxd3 Ngf6 7. Qe2 Be7 8. 0-0 0-0 9. Nc3 c6 10. Be3 Nxe5 11. fxe5 Ng4 12. Rad1 Qa5 13. Bd4 Bc5 14. Qe4 Bxd4+ 15. Kh1 g6 16. Qxd4 Qxe5 17. Qxe5 Nxe5 18. Be2 Bf5 19. Rd2 Rfd8 20. Rfd1 Rxd2 21. Rxd2 Kf8 22. h3 h5 23. Kg1 Ke7 24. Kf2 Rd8 25. Ke3 Rxd2 26. Kxd2 Kd6 27. Nd1 Be4 28. Ne3 h4 29. b4 f5 30. c4 f4 31. c5+ Ke6 32. Nc4 Bxg2 33. Nd6 b6 34. Ba6 bxc5 35. bxc5 Kd5 36. Bc8 Nc4+ 0-1

[Event "Santa Eulalia de Roncana 3rd"]
[Site "Santa Eulalia de Roncana"]
[Date "2009.11.07"]
[Round "6.11"]
[White "Garcia Alcaide, Victor Manuel"]
[Black "Presseguer Casanovas, Josep Maria"]
[Result "0-1"]
[WhiteElo "1658"]
[BlackElo "1935"]
[PlyCount "80"]
[EventDate "2009.10.03"]
[EventType "swiss"]
[EventRounds "9"]
[EventCountry "ESP"]
[SourceTitle "EXT 2024"]
[Source "ChessBase"]
[SourceDate "2023.10.10"]
[SourceVersion "1"]
[SourceVersionDate "2023.10.10"]
[SourceQuality "1"]

1. e4 e5 2. f4 d5 3. exd5 e4 4. d3 Bc5 5. dxe4 Bxg1 6. Rxg1 Qh4+ 7. g3 Qxh2 8. Be3 Nf6 9. Rg2 Qh1 10. Nc3 Bg4 11. Qd2 g6 12. Bd4 Nbd7 13. e5 0-0-0 14. exf6 Bf3 15. Rh2 Rhe8+ 16. Re2 Bxe2 17. Nxe2 Qxd5 18. Kf2 Nxf6 19. Qb4 Rxe2+ 20. Bxe2 Qxd4+ 21. Qxd4 Rxd4 22. Ke3 Rd7 23. Bd3 h5 24. f5 g5 25. Kf3 Re7 26. Rd1 c6 27. Rd2 Ng4 28. Re2 Rxe2 29. Bxe2 Kd7 30. Ke4 Nf6+ 31. Kd4 Kd6 32. Bc4 c5+ 33. Ke3 Ke5 34. Bxf7 Kxf5 35. Kf3 b6 36. b3 Ke5 37. c3 h4 38. gxh4 gxh4 39. a3 Ne4 40. Kg4 h3 0-1

[Event "Santa Eulalia de Roncana 3rd"]
[Site "Santa Eulalia de Roncana"]
[Date "2009.10.31"]
[Round "5.9"]
[White "Presseguer Casanovas, Josep Maria"]
[Black "Lozano Alarcon, Alejandro"]
[Result "0-1"]
[WhiteElo "1935"]
[BlackElo "1746"]
[PlyCount "80"]
[EventDate "2009.10.03"]
[EventType "swiss"]
[EventRounds "9"]
[EventCountry "ESP"]
[SourceTitle "EXT 2024"]
[Source "ChessBase"]
[SourceDate "2023.10.10"]
[SourceVersion "1"]
[SourceVersionDate "2023.10.10"]
[SourceQuality "1"]

1. e4 d5 2. e5 c5 3. f4 a6 4. Nf3 Bg4 5. h3 Bxf3 6. Qxf3 e6 7. c3 Nc6 8. Bd3 Nge7 9. Bc2 Nf5 10. 0-0 Be7 11. a3 0-0 12. g4 Nh4 13. Qd3 Ng6 14. b4 c4 15. Qe2 b5 16. d4 a5 17. Bb2 Qb6 18. Kh2 axb4 19. axb4 Rxa1 20. Bxa1 Ra8 21. Bb2 Ra2 22. Ba3 Bxb4 23. Bxb4 Nxb4 24. cxb4 Qxd4 25. Kh1 Rb2 26. Qf2 Qxf2 27. Rxf2 d4 28. Kg1 d3 29. Bxd3 Rxf2 30. Bxg6 Rb2 31. Be4 Rxb4 32. Kf2 Rb2+ 33. Ke1 b4 34. f5 c3 35. Kd1 Rh2 36. fxe6 fxe6 37. Bd3 Rxh3 38. Kc2 Rg3 39. Bc4 Kf7 40. Kb3 Rxg4 0-1

[Event "Centelles op"]
[Site "Centelles"]
[Date "1996.10.19"]
[Round "7"]
[White "Presseguer Casanovas, Josep Maria"]
[Black "Fernandez Gonzalez, Julio Honor"]
[Result "1-0"]
[WhiteElo "2105"]
[BlackElo "2060"]
[PlyCount "63"]
[EventDate "1996.09.07"]
[EventType "swiss"]
[EventRounds "8"]
[EventCountry "ESP"]
[SourceTitle "EXT 2003"]
[Source "ChessBase"]
[SourceDate "2002.11.25"]
[SourceVersion "1"]
[SourceVersionDate "2002.11.25"]
[SourceQuality "1"]

1. e4 c5 2. Nf3 d6 3. d4 cxd4 4. Nxd4 Nf6 5. Nc3 a6 6. Be2 e6 7. Bf3 Be7 8. Be3 0-0 9. g4 Nfd7 10. Qe2 Nc6 11. 0-0-0 Nxd4 12. Bxd4 b5 13. e5 d5 14. Nxd5 exd5 15. Bxd5 Rb8 16. Ba7 Bg5+ 17. Kb1 Qc7 18. Bxb8 Nxb8 19. Qe4 Be6 20. f4 Be7 21. Rhg1 Rc8 22. Bxe6 fxe6 23. c3 Nd7 24. Rg3 Nc5 25. Qc2 a5 26. Rh3 g6 27. f5 Rd8 28. Rxd8+ Qxd8 29. fxg6 Bg5 30. g7 Ne4 31. Rd3 Nd2+ 32. Qxd2 1-0

[Event "Centelles op"]
[Site "Centelles"]
[Date "1996.10.05"]
[Round "5"]
[White "Simon del Sol, Santiago"]
[Black "Presseguer Casanovas, Josep Maria"]
[Result "1-0"]
[WhiteElo "2210"]
[BlackElo "2105"]
[PlyCount "77"]
[EventDate "1996.09.07"]
[EventType "swiss"]
[EventRounds "8"]
[EventCountry "ESP"]
[SourceTitle "EXT 2003"]
[Source "ChessBase"]
[SourceDate "2002.11.25"]
[SourceVersion "1"]
[SourceVersionDate "2002.11.25"]
[SourceQuality "1"]

1. d4 Nf6 2. c4 e5 3. dxe5 Ng4 4. e4 Nxe5 5. f4 Ng6 6. Nf3 Bb4+ 7. Nc3 Qe7 8. Bd3 Qc5 9. Qc2 Nc6 10. a3 Qa5 11. Bd2 0-0 12. 0-0-0 Bxc3 13. Bxc3 Qb6 14. Qd2 d6 15. h4 h6 16. h5 Nge7 17. g4 f6 18. Rdg1 Kf7 19. g5 hxg5 20. fxg5 Ne5 21. gxf6 gxf6 22. Nxe5+ dxe5 23. Qh6 Be6 24. Rg7+ Ke8 25. Rf1 Ng8 26. Qg6+ Bf7 27. Rxf7 Rxf7 28. Qxg8+ Rf8 29. Qg6+ Ke7 30. Bb4+ c5 31. Bc3 Qd6 32. Be2 Rf7 33. Rd1 Qc6 34. Bg4 Raf8 35. h6 f5 36. Qxc6 bxc6 37. Bxf5 Rf6 38. h7 Rh6 39. Bxe5 1-0

[Event "Centelles op"]
[Site "Centelles"]
[Date "1996.09.14"]
[Round "2"]
[White "Diaz Nieto, Alberto"]
[Black "Presseguer Casanovas, Josep Maria"]
[Result "0-1"]
[WhiteElo "1950"]
[BlackElo "2105"]
[PlyCount "56"]
[EventDate "1996.09.07"]
[EventType "swiss"]
[EventRounds "8"]
[EventCountry "ESP"]
[SourceTitle "EXT 2003"]
[Source "ChessBase"]
[SourceDate "2002.11.25"]
[SourceVersion "1"]
[SourceVersionDate "2002.11.25"]
[SourceQuality "1"]

1. d4 Nf6 2. c4 e5 3. dxe5 Ng4 4. Nf3 Bc5 5. e3 Nc6 6. Be2 Ngxe5 7. Nc3 d6 8. 0-0 Be6 9. Nd5 a6 10. Nd4 Bd7 11. b3 0-0 12. f4 Ng6 13. f5 Nge5 14. f6 g6 15. Kh1 h6 16. Qd2 Kh7 17. e4 g5 18. Rf4 Ng6 19. Rf5 Bxd4 20. Rxg5 Rh8 21. Rh5 Bxf6 22. Nxf6+ Qxf6 23. Bb2 Nce5 24. Rf1 Qg7 25. Bxe5 Nxe5 26. Rf4 Ng6 27. Rxh6+ Qxh6 28. Rxf7+ Kg8 0-1

[Event "Centelles op"]
[Site "Centelles"]
[Date "1996.09.07"]
[Round "1"]
[White "Presseguer Casanovas, Josep Maria"]
[Black "Garcia Ponce, Mateo"]
[Result "1-0"]
[WhiteElo "2105"]
[BlackElo "2005"]
[PlyCount "97"]
[EventDate "1996.09.07"]
[EventType "swiss"]
[EventRounds "8"]
[EventCountry "ESP"]
[SourceTitle "EXT 2003"]
[Source "ChessBase"]
[SourceDate "2002.11.25"]
[SourceVersion "1"]
[SourceVersionDate "2002.11.25"]
[SourceQuality "1"]

1. e4 e5 2. Nf3 Nc6 3. d4 exd4 4. Bc4 Bc5 5. c3 dxc3 6. Bxf7+ Kf8 7. Bb3 Nf6 8. Nxc3 Qe7 9. 0-0 d6 10. Bg5 Be6 11. Nd5 Qf7 12. Re1 Ng4 13. Bh4 h6 14. Rc1 Nce5 15. Bg3 Nxf3+ 16. gxf3 Nf6 17. Nf4 Bxb3 18. Qxb3 Qxb3 19. Ng6+ Kg8 20. axb3 Rh7 21. e5 Kf7 22. Nh4 Nh5 23. exd6 cxd6 24. b4 Bxb4 25. Rc7+ Kf6 26. Ree7 Nxg3 27. hxg3 a5 28. Rxb7 Rd8 29. Rf7+ Ke5 30. Ng6+ Kd4 31. Nf8 Rxf8 32. Rxf8 Kc4 33. Re8 Kb3 34. Re2 Rh8 35. Rd7 g5 36. Kg2 Rc8 37. f4 gxf4 38. gxf4 a4 39. Kh3 Rb8 40. f5 Rb5 41. f6 Rf5 42. f7 d5 43. Kg4 Rf6 44. Rb7 Kc4 45. Rc2+ Kd3 46. Rc6 Rxc6 47. Rxb4 Rf6 48. Rf4 Rxf7 49. Rxf7 1-0